Русский язык для специалистов. Общенаучная тематика (для лиц, говорящих на французском языке)

Detalhes bibliográficos
Autor principal: Митрохина В. И.
Outros Autores: Мотовилова О. Г.
Idioma:russo
francês
Publicado em: Москва, Русский язык, 1980
Assuntos:
Formato: Livro
KOHA link:https://koha.lib.tpu.ru/cgi-bin/koha/opac-detail.pl?biblionumber=370034

MARC

LEADER 00000nam0a2200000 4500
001 370034
005 20231102012236.0
035 |a (RuTPU)RU\TPU\retro\27442 
090 |a 370034 
100 |a 20220616d1980 m y0rusy50 ca 
101 0 |a rus  |a fre 
102 |a RU 
105 |a y j 001zy 
200 1 |a Русский язык для специалистов. Общенаучная тематика (для лиц, говорящих на французском языке)  |f В. И. Митрохина, О. Г. Мотовилова  |d Le russe pour les specialistes 
210 |a Москва  |c Русский язык  |d 1980 
215 |a 352 с. 
320 |a Указ.: с. 341-344 
510 1 |a Le russe pour les specialistes  |z fre 
606 1 |a Русский язык  |x Для других народов  |x Учебные руководства и пособия  |2 stltpush  |3 (RuTPU)RU\TPU\subj\26400  |9 50340 
610 1 |a лексика 
610 1 |a грамматика 
610 1 |a разговорная речь 
610 1 |a упражнения 
610 1 |a наука 
610 1 |a французский язык 
686 |a Ш141.2-96  |v LBC/SL-A  |2 rubbk 
700 1 |a Митрохина  |b В. И. 
701 1 |a Мотовилова  |b О. Г. 
801 1 |a RU  |b 63413507  |c 20220616 
801 2 |a RU  |b 63413507  |c 20220616  |g RCR 
942 |c BK